Name all Playable Genshin Impact Characters - Statistics

General Stats
  • This quiz has been taken 5,986 times
    4,405 since last reset
  • The average score is 37 of 49
Answer Stats
Element Answer % Correct
Geo Zhongli
94%
Cryo Kaeya
90%
Pyro Amber
88%
Pyro Diluc
88%
Anemo Jean
88%
Geo Albedo
87%
Anemo Venti
87%
Electro Lisa
86%
Hydro Barbara
83%
Electro Raiden Shogun
83%
Pyro Klee
82%
Anemo/Geo/Electro Traveller
82%
Anemo Xiao
82%
Pyro Bennett
81%
Geo Noelle
81%
Cryo Qiqi
81%
Cryo Chongyun
80%
Cryo Diona
79%
Hydro Mona
79%
Geo Ningguang
79%
Electro Beidou
78%
Cryo Ganyu
78%
Geo Gorou
77%
Pyro Hu tao
77%
Cryo Eula
76%
Electro Keqing
76%
Electro Razor
76%
Pyro Xiangling
76%
Electro Fischl
75%
Hydro Xingqiu
75%
Electro Yae Miko
75%
Anemo Sucrose
74%
Cryo Shenhe
72%
Hydro Tartaglia
72%
Cryo Kamisato Ayaka
71%
Geo Arataki Itto
70%
Pyro Xinyan
70%
Pyro Yanfei
70%
Hydro Yelan
70%
Hydro Kamisato Ayato
69%
Cryo Rosaria
69%
Anemo Sayu
69%
Geo Yunjin
69%
Pyro Thoma
67%
Pyro Yoimiya
66%
Cryo Aloy
62%
Anemo Kaedehara Kazuha
59%
Electro Kujou Sara
59%
Hydro Sangonomiya Kokomi
56%
No matching quizzes found
Score Distribution
Percent of People with Each Score
Percentile by Number Answered
Your Score History
You have not taken this quiz since the last reset